000 00502nam a22002057a 4500
003 Nust
005 20210923104027.0
008 170216b xxu||||| |||| 00| 0 eng d
020 _a0486467422
038 _akhadija
040 _cC
082 _a541.369
_bHIL
100 _aHill, Terrell L.
_982634
245 _aAn Introduction to Statistical Thermodynamics
260 _aNew York :
_bDover,
_c2008.
300 _a508 p. ;
_b22 cm.
500 _aPaperback.
563 _aPB
942 _cBK
_2ddc
999 _c33857
_d33857